000 00719nam a2200241Ia 4500
003 OSt
005 20220925232947.0
006 a|||||r|||| 00| 0
007 ta
008 220923b |||||||| |||| 00| 0 eng d
020 _a0714630004
037 _cGeneral Book
040 _aRTL
_cRTL
_beng
041 _2eng
_aeng
082 _aX:3M24xM18:g, L8/TD
100 _aLackner Helen
_9298029
245 0 _aRelations of production
_b Marxist approaches to economic Anthropology
260 _aN.J
_bFrank Cass
_c1978
300 _axiii,414p.
_ccm.
500 _aAccording to Accession Register
942 _hX:3M24xM18:g, L8/TD
_cGB
_2CC
999 _c592551
_d592551